| 000 | 00663nam a22001937a 4500 | ||
|---|---|---|---|
| 003 | OSt | ||
| 005 | 20260116035337.0 | ||
| 008 | 260116b |||||||| |||| 00| 0 eng d | ||
| 020 | _a0-07-234572-1 | ||
| 040 |
_aDWC-Main lib _cOC |
||
| 082 | _aCirc. 549 H624m 2002 | ||
| 100 | _aHibbard, M.J. | ||
| 245 |
_aMineralogy : _ba geologist's point of view _cHibbard, M.J. |
||
| 260 |
_aNew York : _bThe McGraw-Hill co., _cc2002 |
||
| 300 |
_axiv, 562 pages : _b illustration ; _c28 cm. |
||
| 504 | _aIncludes bibliographical references and indexes | ||
| 650 | _2Mineralogy | ||
| 942 |
_2ddc _cBK-CIRC _hCirc. 549 H624m 2002 _kCirc. _n0 |
||
| 999 |
_c7493 _d7493 |
||